Ciencia, razón y fe

Збережено в:
Бібліографічні деталі
Автор: Artigas, Mariano
Формат: Книга
Мова:Іспанська
Опубліковано: Los Libros MC. c1992.
Редагування:4ª ed.
Предмети:
Теги: Додати тег
Немає тегів, Будьте першим, хто поставить тег для цього запису!

MARC

LEADER 00000nam a22000005a 4500
001 1156
003 CL-ChBUA
005 20120815102723.0
008 070301s1992 sp 000 0 spa
020 |a 8471184273 
040 |a CL-ChBUA  |c CL-ChBUA 
082 0 0 |a 215 
090 |c 1156  |d 1156 
100 1 |a Artigas, Mariano. 
245 1 0 |a Ciencia, razón y fe 
250 |a 4ª ed. 
260 |b Los Libros MC.  |c c1992. 
300 |a 198 p.  |c 20 cm. 
504 |a Indice. 
650 4 |a CIENCIA Y RELIGION. 
650 4 |a CREACIONISMO. 
942 |c LIB 
952 |0 0  |1 0  |2 ddc  |4 0  |6 215_000000000000000_AR_787  |7 0  |9 1555  |a UNACH  |b UNACH  |c 200  |d 2007-03-05  |i 29.200.  |l 22  |m 10  |o 215 / Ar 787.  |p 2554  |r 2026-03-23 10:35:53  |s 2026-03-12  |u 1555  |w 2012-08-08  |y LIB 
999 |c 1156  |d 1156